Detalles MARC
| 000 -CABECERA |
| campo de control de longitud fija |
00837nam a2200241 u 4500 |
| 001 - NÚMERO DE CONTROL |
| campo de control |
000002919 |
| 005 - FECHA Y HORA DE LA ÚLTIMA TRANSACCIÓN |
| campo de control |
20260218080533.0 |
| 008 - DATOS DE LONGITUD FIJA--INFORMACIÓN GENERAL |
| campo de control de longitud fija |
090706s1985 dr 000 0 spa d |
| 040 ## - FUENTE DE LA CATALOGACIÓN |
| Centro catalogador/agencia de origen |
DO-SdBNP |
| Lengua de catalogación |
spa |
| Centro/agencia transcriptor |
BNPHU |
| 082 ## - NÚMERO DE LA CLASIFICACIÓN DECIMAL DEWEY |
| Número de clasificación |
335.4 |
| Número de documento/Ítem |
P644m |
| 100 1# - ENTRADA PRINCIPAL--NOMBRE DE PERSONA |
| Nombre de persona |
Pimentel, Miguel |
| 9 (RLIN) |
9271 |
| 245 10 - MENCIÓN DE TÍTULO |
| Título |
Marxismo y positivismo / |
| Mención de responsabilidad, etc. |
Miguel Pimentel. |
| 260 ## - PUBLICACIÓN, DISTRIBUCIÓN, ETC. |
| Lugar de publicación, distribución, etc. |
Santo Domingo : |
| Nombre del editor, distribuidor, etc. |
Universitaria, |
| Fecha de publicación, distribución, etc. |
1985. |
| 490 1# - MENCIÓN DE SERIE |
| Mención de serie |
Filosofía y sociedad |
| Designación de volumen o secuencia |
2 |
| 490 1# - MENCIÓN DE SERIE |
| Mención de serie |
Publicaciones de la universidad Autónoma de Santo Domingo |
| Designación de volumen o secuencia |
373 |
| 504 ## - NOTA DE BIBLIOGRAFÍA, ETC. |
| Nota de bibliografía, etc. |
Bibliográfia : p. 303-304 |
| 590 ## - NOTA LOCAL (RLIN) |
| Nota local |
Inventariado, 2019/MFF |
| 650 #0 - PUNTO DE ACCESO ADICIONAL DE MATERIA--TÉRMINO DE MATERIA |
| Término de materia o nombre geográfico como elemento de entrada |
Marxismo |
| 9 (RLIN) |
5234 |
| 650 #0 - PUNTO DE ACCESO ADICIONAL DE MATERIA--TÉRMINO DE MATERIA |
| Término de materia o nombre geográfico como elemento de entrada |
Socialismo |
| 9 (RLIN) |
287 |
| 650 #0 - PUNTO DE ACCESO ADICIONAL DE MATERIA--TÉRMINO DE MATERIA |
| Término de materia o nombre geográfico como elemento de entrada |
Positivismo |
| 9 (RLIN) |
2423 |
| 830 #0 - PUNTO DE ACCESO ADICIONAL DE SERIE-TÍTULO UNIFORME |
| Título uniforme |
Filosofía y sociedad |
| Designación de volumen o secuencia |
2 |
| Nombre de parte o sección de la obra |
Publicaciones de la universidad Autónoma de Santo Domingo |
| Número de parte o sección de la obra |
373 |
| 9 (RLIN) |
9272 |
| 910 ## - DATOS DE OPCIÓN DEL USUARIO (OCLC) |
| Datos de opción del usuario |
Validado. Control de calidad MFF |